00728nam a2200241 a 4500001001300000003000900013005001700022008004100039020002300080082001700103100002000120245005900140260004500199300000900244500003500253505001000288650001800298700002000316902000800336942000700344952011800351999001700469nice12345678IN_TiNIC20260116014823.0050524s1988 chia grp 000 0 eng  a0226305 c40000a726.175bMIC aMichell, George aHindu Temple, an Introduction to Its Meaning and Forms aChicagobChicago University Press c1988 a192p aincludes index and biblioraphy2 aIndex aTemples-Hindu1 aMichell, George bSRS cBK 001040708StackRoom-aHMIbHMId2008-02-07g400.00l0o726.175 MICp020436r2008-02-07v400.00w2005-05-24yBK c17126d17126